<?xml version="1.0" encoding="UTF-8"?>
<record
    xmlns:xsi="http://www.w3.org/2001/XMLSchema-instance"
    xsi:schemaLocation="http://www.loc.gov/MARC21/slim http://www.loc.gov/standards/marcxml/schema/MARC21slim.xsd"
    xmlns="http://www.loc.gov/MARC21/slim">

  <leader>01037nam a22002897a 4500</leader>
  <controlfield tag="005">20201128021152.0</controlfield>
  <controlfield tag="008">141221r19712013xxu    fr2b  f001 0deng d</controlfield>
  <datafield tag="020" ind1=" " ind2=" ">
    <subfield code="a">9780521097857</subfield>
  </datafield>
  <datafield tag="040" ind1=" " ind2=" ">
    <subfield code="a">EG-ScBUE</subfield>
  </datafield>
  <datafield tag="082" ind1="0" ind2="0">
    <subfield code="2">22</subfield>
    <subfield code="a">301.045</subfield>
    <subfield code="b">GID</subfield>
  </datafield>
  <datafield tag="100" ind1="1" ind2=" ">
    <subfield code="a">Giddens, Anthony</subfield>
    <subfield code="9">37001</subfield>
  </datafield>
  <datafield tag="245" ind1="1" ind2="0">
    <subfield code="b">an analysis of the writings of Marx, Durkheim and Max Weber /</subfield>
    <subfield code="c">Anthony Giddens.</subfield>
    <subfield code="a">Capitalism and modern social theory :</subfield>
  </datafield>
  <datafield tag="250" ind1=" " ind2=" ">
    <subfield code="a">1st ed.,</subfield>
    <subfield code="b">reprinted.</subfield>
  </datafield>
  <datafield tag="260" ind1=" " ind2=" ">
    <subfield code="a">Cambridge, United Kingdom ;</subfield>
    <subfield code="a">New York, United States :</subfield>
    <subfield code="b">Cambridge University Press,</subfield>
    <subfield code="c">1971.</subfield>
  </datafield>
  <datafield tag="300" ind1=" " ind2=" ">
    <subfield code="a">xvii, 261 p. ;</subfield>
    <subfield code="c">23 cm.</subfield>
  </datafield>
  <datafield tag="500" ind1=" " ind2=" ">
    <subfield code="a">Index : p. 255-261.</subfield>
  </datafield>
  <datafield tag="500" ind1=" " ind2=" ">
    <subfield code="a">Reprint of the 1971 ed.</subfield>
  </datafield>
  <datafield tag="504" ind1=" " ind2=" ">
    <subfield code="a">Bibliography : p. 248-254.</subfield>
  </datafield>
  <datafield tag="600" ind1="1" ind2="0">
    <subfield code="a">Marx, Karl,</subfield>
    <subfield code="d">1818-1883</subfield>
    <subfield code="9">37002</subfield>
  </datafield>
  <datafield tag="600" ind1="1" ind2="0">
    <subfield code="a">Durkheim, E&#xCC;&#x81;mile,</subfield>
    <subfield code="d">1858-1917</subfield>
    <subfield code="9">37003</subfield>
  </datafield>
  <datafield tag="600" ind1="1" ind2="0">
    <subfield code="a">Weber, Max,</subfield>
    <subfield code="d">1864-1920</subfield>
    <subfield code="9">37004</subfield>
  </datafield>
  <datafield tag="650" ind1=" " ind2="0">
    <subfield code="a">Social sciences</subfield>
    <subfield code="x">Philosophy</subfield>
    <subfield code="9">37005</subfield>
  </datafield>
  <datafield tag="650" ind1=" " ind2="0">
    <subfield code="a">Sociology</subfield>
    <subfield code="9">718</subfield>
  </datafield>
  <datafield tag="653" ind1=" " ind2=" ">
    <subfield code="b">BUSBOL</subfield>
    <subfield code="c">December2014</subfield>
  </datafield>
  <datafield tag="655" ind1=" " ind2=" ">
    <subfield code="v">reading book</subfield>
    <subfield code="9">34232</subfield>
  </datafield>
  <datafield tag="942" ind1=" " ind2=" ">
    <subfield code="2">ddc</subfield>
    <subfield code="k">301.045 GID</subfield>
  </datafield>
  <datafield tag="999" ind1=" " ind2=" ">
    <subfield code="c">18806</subfield>
    <subfield code="d">18778</subfield>
  </datafield>
  <datafield tag="952" ind1=" " ind2=" ">
    <subfield code="0">0</subfield>
    <subfield code="1">0</subfield>
    <subfield code="2">ddc</subfield>
    <subfield code="4">0</subfield>
    <subfield code="7">0</subfield>
    <subfield code="8">Baccah</subfield>
    <subfield code="a">MAIN</subfield>
    <subfield code="b">MAIN</subfield>
    <subfield code="c">1ST</subfield>
    <subfield code="d">2014-12-21</subfield>
    <subfield code="e">purchase</subfield>
    <subfield code="g">225.00</subfield>
    <subfield code="h">21291</subfield>
    <subfield code="l">5</subfield>
    <subfield code="m">16</subfield>
    <subfield code="o">301.045 GID</subfield>
    <subfield code="p">000037222</subfield>
    <subfield code="r">2025-07-15 00:00:00</subfield>
    <subfield code="s">2020-11-19</subfield>
    <subfield code="v">281.00</subfield>
    <subfield code="y">BB</subfield>
  </datafield>
</record>
